000 00711nam a2200205 i 4500
001 182607
003 ES-MaACL
005 20240215155907.0
008 131002s2004 it |||| | ita d
080 _a88-88141-84-7
100 1 _aFascia, Flavia.
_9151356
245 1 0 _aLe biblioteche : dalle tavolette di argilla ai supporti multimediali /
_cFlavia Fascia.
260 _aNapoli :
_bLuciano,
_c[2004]
300 _a182 p. :
_bill. ;
_c32 cm.
650 0 4 _aBibliotecas-
_xHistoria
_910538
852 _aES-MaACL
_jA-12849
_9189523
_bR.148902
_cDEPO1
_dOlim: N-5849
_xDonación: Universidad de Nápoles
914 _9234398
_aUniversidad de Nápoles
_ednr
942 _2udc
_cMONOGRAFIA
999 _c182607
_d182607